| 000 | 00961nas a2200301 4500 | ||
|---|---|---|---|
| 001 | BR2017002961 | ||
| 003 | BR-BrBNA | ||
| 005 | 20231205131126.0 | ||
| 007 | ta | ||
| 008 | 230509b bl.|||p| |||| 00| 00por d | ||
| 040 |
_aBR-BrBNA _bpor _cBiblioteca Nacional de Agricultura |
||
| 041 | _a(En) | ||
| 072 | _aK10 | ||
| 100 | 1 | _ad'Oliveira, M.V.N. | |
| 100 | 1 | _aOliveira, L.C. | |
| 100 | 1 | _aAcuña, M.H.A. | |
| 100 | 1 | _aBraz, E.M. | |
| 245 | 1 | _aTwenty years monitoring growth dynamics of a logged tropical forest in Western Amazon | |
| 650 | _aFLORESTA TROPICAL | ||
| 650 | _aGESTÃO | ||
| 650 | _aCRESCIMENTO | ||
| 650 | _aBIOMASSA | ||
| 650 | _aPARCELA EXPERIMENTAL | ||
| 773 | 0 |
_tPesquisa Florestal Brasileira (Brazil) _xISSN 1983-2605 _g(Oct-Dec 2017), v. 37(92) p. 493-502 _wBR2017002961 |
|
| 856 | 4 | 0 | _uhttp://pfb.cnpf.embrapa.br/pfb/index.php/pfb/article/view/1398/608 |
| 909 |
_a202311 _bLúcia _c55 _dLúcia Elande |
||
| 942 |
_2AGRIS _n0 _cANA |
||
| 999 |
_c253145 _d253145 |
||